Shaw's Arms and the man (Record no. 34708)

MARC details
000 -LEADER
fixed length control field 00383nam a2200169Ia 4500
020 ## - INTERNATIONAL STANDARD BOOK NUMBER
ISBN 0582330947
050 ## - CALL MARK
Classification number PR 5363 .A76/
100 ## - STATEMENT OF RESPONSIBILITY--MAIN AUTHOR NAME
Personal name Nickson, Richard
245 #0 - TITLE STATEMENT
Title Shaw's Arms and the man
260 ## - PUBLICATION, DISTRIBUTION, ETC. (IMPRINT)
Place of publication England
260 ## - PUBLICATION, DISTRIBUTION, ETC. (IMPRINT)
Name of publisher Longman Group
260 ## - PUBLICATION, DISTRIBUTION, ETC. (IMPRINT)
Year of publication 1984
300 ## - PHYSICAL DESCRIPTION
Number of Pages 108 p
942 ## - ADDED ENTRY ELEMENTS (KOHA)
Koha item type Books
Holdings
Withdrawn status Lost status Source of classification or shelving scheme Damaged status Not for loan Permanent Location Current Location Date acquired Accession Number Price effective from Koha item type
    Library of Congress Classification     NILE UNIVERSITY OF NIGERIA - MAIN LIBRARY NILE UNIVERSITY OF NIGERIA - MAIN LIBRARY 04/23/2025 0002206 04/23/2025 Books